[Event "29th World Junior Girls"]
[Site "Chennai IND"]
[Date "2011.08.10"]
[Round "8.26"]
[White "Gevorgyan, Maria"]
[Black "Degrande, Marigje"]
[Result "1/2-1/2"]
[WhiteElo "2068"]
[BlackElo "1890"]
[WhiteFideId "13300270"]
[BlackFideId "262757"]
[EventDate "2011.08.02"]

1. e4 d6 2. d4 Nf6 3. Nc3 g6 4. f4 Bg7 5. Nf3 O-O 6. h3 c5 7. d5 Na6 8. Bc4 Nc7
9. Qd3 a6 10. a4 b6 11. O-O Bd7 12. Re1 Nfe8 13. g4 e6 14. dxe6 fxe6 15. f5 b5
16. axb5 axb5 17. Rxa8 Qxa8 18. Nxb5 Bxb5 19. Bxb5 Nxb5 20. Qxb5 Kh8 21. Qd3
gxf5 22. exf5 exf5 23. gxf5 Qc8 24. c3 Nc7 25. Re7 Bf6 26. Ng5 h6 27. Nf7+ Rxf7
28. Rxf7 Qg8+ 29. Kf1 Qxf7 30. Qxd6 Qc4+ 31. Kg1 Qg8+ 32. Kf1 Qc4+ 33. Kg1 Qg8+
34. Kh2 Qg7 35. Bf4 Ne8 36. Qxc5 Kh7 37. Qc6 Qe7 38. Qg2 Qg7 39. Qe4 Qd7 40. Qc2
Ng7 41. b4 Qxf5 42. Qxf5+ Nxf5 43. c4 Bd8 44. Be5 Ne3 45. c5 Nd5 46. b5 Kg6 47.
Kg3 Kf5 48. Bb8 Nc3 49. Ba7 Nxb5 50. Bb6 Bxb6 51. cxb6 Nd6 52. Kh4 Kf4 1/2-1/2

[Event "29th World Junior Girls"]
[Site "Chennai IND"]
[Date "2011.08.10"]
[Round "8.28"]
[White "Supriya, Joshi"]
[Black "Guo, Emma"]
[Result "1/2-1/2"]
[BlackTitle "WIM"]
[WhiteElo "1829"]
[BlackElo "2029"]
[WhiteFideId "5063388"]
[BlackFideId "3200795"]
[EventDate "2011.08.02"]

1. e4 e5 2. Nf3 Nc6 3. Bb5 f5 4. d3 fxe4 5. dxe4 Nf6 6. O-O Bc5 7. Qd3 d6 8. Qc4
Qe7 9. b4 Be6 10. Bxc6+ bxc6 11. Qa6 Bb6 12. a4 Nxe4 13. a5 Bxf2+ 14. Rxf2 O-O
15. Rf1 Rab8 16. c3 c5 17. Re1 d5 18. Nbd2 Nxd2 19. Bxd2 e4 20. Ng5 Bd7 21. c4
h6 22. Nf3 Qf7 23. Ne5 Qf2+ 24. Kh1 Rf6 25. Qxa7 Rbf8 26. Be3 Qxe3 27. Qxc5 Qxc5
28. bxc5 Bc8 29. cxd5 Rf5 30. Nc6 Re8 31. Rad1 e3 32. d6 Rxc5 33. Ne7+ Kf7 34.
Rxe3 g6 35. Rf1+ Bf5 36. d7 Rd8 37. Nc6 Rxc6 38. g4 Rxd7 39. gxf5 g5 40. Ra1 Rd2
41. a6 Rcc2 42. Rh3 Ra2 43. Rxa2 Rxa2 44. Rxh6 c5 45. Rc6 c4 46. Kg1 c3 47. Rxc3
Rxa6 1/2-1/2

[Event "29th World Junior Girls"]
[Site "Chennai IND"]
[Date "2011.08.10"]
[Round "8.29"]
[White "Savant, Riya"]
[Black "Savetha, C H"]
[Result "0-1"]
[WhiteTitle "WCM"]
[WhiteElo "1743"]
[BlackElo "1992"]
[WhiteFideId "5067359"]
[BlackFideId "5042224"]
[EventDate "2011.08.02"]

1. d4 f5 2. Nf3 Nf6 3. Bg5 Ne4 4. Bf4 d6 5. Nbd2 g6 6. Nxe4 fxe4 7. Nd2 d5 8.
Be5 Rg8 9. e3 Nd7 10. Bg3 Nf6 11. Be2 e6 12. c4 Bd6 13. Bxd6 Qxd6 14. c5 Qe7 15.
b4 c6 16. b5 Kf7 17. bxc6 bxc6 18. Rb1 Kg7 19. O-O Qc7 20. Qa4 Rf8 21. Nb3 Bd7
22. Na5 Rab8 23. h3 h5 24. Ba6 Ng8 25. Bb7 Ne7 26. Rb4 e5 27. Rfb1 exd4 28. Rxd4
Qe5 29. Qc2 Qg5 30. Kh2 Nf5 31. Rdd1 Nh4 32. Rg1 Rf6 33. Rb2 Qf5 34. Rh1 Rbf8
35. Qc3 Kh6 36. Nb3 Nxg2 37. Kxg2 Qf3+ 38. Kg1 Bxh3 39. Rxh3 Qxh3 40. Nd4 Rf4
41. exf4 Qxc3 42. Rb3 Qxd4 43. Bxc6 Rxf4 44. Re3 Qd1+ 45. Kg2 Qd2 46. Rg3 Rxf2+
47. Kh3 Rh2# 0-1

[Event "29th World Junior Girls"]
[Site "Chennai IND"]
[Date "2011.08.10"]
[Round "8.30"]
[White "Salini, R"]
[Black "A, Akshaya"]
[Result "1-0"]
[WhiteElo "1795"]
[BlackElo "1966"]
[WhiteFideId "5098483"]
[BlackFideId "5031605"]
[EventDate "2011.08.02"]

1. g3 d5 2. Bg2 g6 3. e3 Bg7 4. Ne2 Nf6 5. d4 O-O 6. O-O Nbd7 7. Nd2 e5 8. e4
exd4 9. exd5 d3 10. Nc3 Nb6 11. Nde4 dxc2 12. Nxf6+ Bxf6 13. Qxc2 Bf5 14. Qb3
Qd7 15. Be3 Rfe8 16. Rfd1 Bg7 17. Rac1 Rec8 18. Nb5 Be5 19. a4 Re8 20. Bd4 Bxd4
21. Rxd4 Re7 22. Nxc7 Rc8 23. d6 Rxc7 24. Rxc7 Re1+ 25. Bf1 Qe8 26. Rd1 Re5 27.
Bb5 Re1+ 28. Kg2 Qe4+ 29. f3 Re2+ 30. Kf1 Bh3+ 31. Kg1 Rg2+ 32. Kh1 Qe6 33. d7 1-0

[Event "29th World Junior Girls"]
[Site "Chennai IND"]
[Date "2011.08.10"]
[Round "8.32"]
[White "Hansen, Erle Andrea Marki"]
[Black "Mejia Salinas, Lluvia Angelica"]
[Result "1/2-1/2"]
[BlackTitle "WCM"]
[WhiteElo "1770"]
[BlackElo "1889"]
[WhiteFideId "1508229"]
[BlackFideId "5101743"]
[EventDate "2011.08.02"]

1. Nf3 d5 2. b3 Nf6 3. Bb2 e6 4. g3 Be7 5. Bg2 c5 6. d3 O-O 7. O-O Nbd7 8. Nbd2
b6 9. c4 Bb7 10. Qc2 Rc8 11. a4 a5 12. cxd5 exd5 13. Nh4 Qc7 14. Nf5 Rfe8 15. e4
d4 16. Nc4 Ne5 17. Bc1 Nxc4 18. bxc4 Bc6 19. Bf4 Qd8 20. Qd1 Kh8 21. Bh3 Bd7 22.
Rb1 Bf8 23. Bg2 Bxf5 24. exf5 Bd6 25. Bg5 Bc7 26. Bb7 Rb8 27. Bc6 Re5 28. Qf3 h6
29. Bf4 Re7 30. Bd2 Bd6 31. Rfe1 Qc7 32. Rxe7 Qxe7 33. Re1 Qc7 34. Bb5 Kg8 1/2-1/2

[Event "29th World Junior Girls"]
[Site "Chennai IND"]
[Date "2011.08.10"]
[Round "8.33"]
[White "Anjana Krishna, S"]
[Black "Madhurima, Shekhar"]
[Result "0-1"]
[WhiteElo "1830"]
[BlackElo "1854"]
[WhiteFideId "5046424"]
[BlackFideId "5067910"]
[EventDate "2011.08.02"]

1. d4 d5 2. Nf3 Nf6 3. e3 c5 4. c3 e6 5. Bd3 Nc6 6. Nbd2 Bd6 7. O-O O-O 8. dxc5
Bxc5 9. e4 Bb6 10. Qc2 h6 11. exd5 exd5 12. h3 Qd6 13. Kh1 Bd7 14. Qd1 Rad8 15.
Nc4 Qc7 16. Nxb6 Qxb6 17. b3 Ne4 18. Qc2 Rfe8 19. Bxe4 dxe4 20. Be3 Qc7 21. Ne1
f5 22. Qc1 Ne5 23. f3 Bb5 24. c4 Bc6 25. fxe4 Bxe4 26. Bf4 Qc6 27. Bxe5 Rxe5 28.
Qb2 Re6 29. Rf2 Red6 30. Rc1 Rd1 31. Rxd1 Rxd1 32. Qe2 Qd6 33. Qe3 Qb4 34. Rf1
Qd2 35. Qxd2 Rxd2 36. a3 Ra2 37. b4 Rxa3 38. Nf3 Ra4 39. Nd2 Rxb4 40. Ra1 a6 41.
Nxe4 fxe4 42. Rc1 Kf7 43. c5 Ke7 44. c6 bxc6 45. Rxc6 e3 46. Rc2 Rc4 47. Re2 Ke6
48. Kg1 a5 49. Kf1 a4 50. Ke1 Kd5 51. Ra2 Kc5 52. Ke2 Kb4 53. Ra1 Kb3 54. Kd3
Rc7 55. Rb1+ Ka2 56. Re1 Kb2 0-1

[Event "29th World Junior Girls"]
[Site "Chennai IND"]
[Date "2011.08.10"]
[Round "8.34"]
[White "Nivedhitha, J G"]
[Black "Tejaswini, Sagar"]
[Result "1/2-1/2"]
[BlackTitle "WCM"]
[WhiteElo "1743"]
[BlackElo "1690"]
[WhiteFideId "5033675"]
[BlackFideId "5054290"]
[EventDate "2011.08.02"]

1. e4 e5 2. Nf3 Nc6 3. Bb5 Bc5 4. c3 Nf6 5. O-O O-O 6. d4 Bb6 7. Re1 d6 8. h3 h6
9. a4 a6 10. Bxc6 bxc6 11. a5 Ba7 12. dxe5 dxe5 13. Qa4 Qd6 14. Nbd2 Qe6 15. Nc4
Nd7 16. Be3 Bxe3 17. Nxe3 g6 18. Qc4 Qxc4 19. Nxc4 f6 20. b4 c5 21. Rab1 Bb7 22.
Nfd2 Rab8 23. Re3 cxb4 24. cxb4 c5 25. Rd3 Bc6 26. Rd6 Bb5 27. Na3 Rfd8 28. bxc5
Nxc5 29. Nxb5 axb5 30. Rxd8+ Rxd8 31. Rxb5 Rxd2 32. Rxc5 Ra2 33. Rc8+ Kf7 34.
Ra8 Ra1+ 35. Kh2 Ke7 36. a6 Kf7 37. Ra7+ Ke6 38. Rg7 g5 39. a7 h5 40. Kg3 Ra3+
41. f3 Ra2 42. Kh2 h4 43. Kg1 Kd6 44. Kf1 Ke6 45. Ke1 Kd6 46. Kd1 Ke6 47. Kc1 f5
48. Rxg5 fxe4 49. fxe4 Rxa7 50. Rg4 Rh7 51. Kd2 Kd6 52. Ke3 Kc5 53. Rg5 Kd6 54.
Kf2 Rf7+ 55. Kg1 Ke6 56. Rg6+ Ke7 57. Rg4 Rh7 58. Kh2 Kd6 59. Rg5 Rf7 60. Rg4
Rh7 61. g3 hxg3+ 62. Kxg3 Kc5 1/2-1/2

[Event "29th World Junior Girls"]
[Site "Chennai IND"]
[Date "2011.08.11"]
[Round "9.2"]
[White "Cori T., Deysi"]
[Black "Paikidze, Nazi"]
[Result "1-0"]
[WhiteTitle "WGM"]
[BlackTitle "WGM"]
[WhiteElo "2376"]
[BlackElo "2416"]
[WhiteFideId "3801934"]
[BlackFideId "13603620"]
[EventDate "2011.08.02"]

1. d4 Nf6 2. Nf3 e6 3. e3 d5 4. Bd3 c5 5. b3 Nc6 6. O-O Bd6 7. Bb2 O-O 8. a3 b6
9. Nbd2 Bb7 10. Qe2 Re8 11. Ne5 Qc7 12. f4 cxd4 13. exd4 g6 14. Rf3 Bf8 15. Rh3
Bg7 16. Re1 Rac8 17. Qf2 Nxe5 18. fxe5 Ng4 19. Qh4 h5 20. Nf3 Qe7 21. Ng5 Rc7
22. Rf3 Nh6 23. Qf4 Qd8 24. h3 Qc8 25. g4 h4 26. Rf2 Ba6 27. Bxa6 Qxa6 28. Nf3
Qc8 29. Ree2 a5 30. Nxh4 a4 31. Nf3 axb3 32. cxb3 Qa6 33. Kg2 Rec8 34. Qe3 Qa5
35. Ne1 Bf8 36. Nf3 Kg7 37. Rf1 Rc2 38. Qf2 Rxe2 39. Qxe2 b5 40. Bc1 Kg8 41. Qf2
Qc3 42. Qh4 Qc2+ 43. Bd2 Ra8 44. Rf2 1-0

[Event "29th World Junior Girls"]
[Site "Chennai IND"]
[Date "2011.08.11"]
[Round "9.3"]
[White "Bulmaga, Irina"]
[Black "Mammadova, Gulnar Marfat qizi"]
[Result "0-1"]
[WhiteTitle "WIM"]
[BlackTitle "WIM"]
[WhiteElo "2293"]
[BlackElo "2294"]
[WhiteFideId "13903063"]
[BlackFideId "13403508"]
[EventDate "2011.08.02"]

1. e4 e6 2. d4 d5 3. Nc3 Bb4 4. e5 c5 5. a3 Ba5 6. b4 cxd4 7. Qg4 Ne7 8. bxa5
dxc3 9. Qxg7 Rg8 10. Qxh7 Nbc6 11. Nf3 Qc7 12. Bf4 Bd7 13. a6 b6 14. Bd3 O-O-O
15. Bg3 Rdf8 16. Qh6 Na5 17. Qf6 Qc5 18. O-O Bb5 19. Bxb5 Nf5 20. Nh4 Nxg3 21.
hxg3 Qxb5 22. Qf3 Qc5 23. Rfd1 Nc6 24. Qf4 Rg7 25. Rd3 Rfg8 26. Kh2 d4 27. Qe4
Kc7 28. f4 Qc4 29. a4 Qxa6 30. a5 bxa5 31. f5 Rg4 32. Qe2 Rxg3 33. fxe6 fxe6 34.
Qf2 R3g7 35. Ra4 Qb5 36. Raxd4 Qxe5+ 37. Qf4 Qxf4+ 38. Rxf4 Rg4 39. Rxg4 Rxg4
40. Kh3 Rc4 41. Nf3 Nb4 42. Rd4 Rxd4 43. Nxd4 Kd7 44. Nb5 a4 45. Na3 Nd5 46. g4
Kc6 47. g5 Kc5 48. Kh4 Ne7 49. Kg4 Kb4 50. Nb1 a3 51. Nxa3 Kxa3 52. Kf4 Kb2 0-1

[Event "29th World Junior Girls"]
[Site "Chennai IND"]
[Date "2011.08.11"]
[Round "9.4"]
[White "Kulon, Klaudia"]
[Black "Padmini, Rout"]
[Result "1/2-1/2"]
[WhiteTitle "WFM"]
[BlackTitle "WGM"]
[WhiteElo "2227"]
[BlackElo "2348"]
[WhiteFideId "1131044"]
[BlackFideId "5029295"]
[EventDate "2011.08.02"]

1. e4 c5 2. Nf3 d6 3. d4 cxd4 4. Nxd4 Nf6 5. Nc3 a6 6. Be3 e5 7. Nb3 Be7 8. f3
Be6 9. Qd2 O-O 10. O-O-O a5 11. Qe1 Qc8 12. a3 a4 13. Nd2 d5 14. exd5 Nxd5 15.
Nxd5 Bxd5 16. Ne4 Be6 17. Bb5 Bc4 18. Bxc4 Qxc4 19. Qc3 Qe6 20. Nc5 Bxc5 21.
Qxc5 Nc6 22. Qd5 Qg6 23. Qe4 Qe6 24. Kb1 Rfc8 25. Rd3 Na5 26. Qxa4 Nc4 27. Qb3
b5 28. Rhd1 h6 29. Bc1 e4 30. fxe4 Qxe4 31. Rg3 Qe6 32. Qd3 Qc6 33. Qd4 g5 34.
Qd5 Nxa3+ 35. Rxa3 Qxc2+ 36. Ka1 Rxa3+ 37. bxa3 b4 38. Rf1 Rf8 39. axb4 Qa4+ 40.
Kb1 Qxb4+ 41. Bb2 Qb6 42. g4 Qg6+ 43. Qf5 Qd6 44. h3 Qg3 45. Rc1 Qxh3 46. Rc8
Qh1+ 47. Ka2 Qb7 48. Rxf8+ Kxf8 49. Qa5 Qd7 50. Qa8+ Ke7 51. Ba3+ Kf6 52. Qf3+
Kg6 53. Bb2 Qe6+ 54. Ka1 f5 55. gxf5+ Qxf5 56. Qc6+ Kh5 57. Qh1+ Kg6 58. Qc6+
Kh5 59. Qh1+ 1/2-1/2

[Event "29th World Junior Girls"]
[Site "Chennai IND"]
[Date "2011.08.11"]
[Round "9.7"]
[White "Chandika, Divyasree"]
[Black "Savina, Anastasia"]
[Result "1/2-1/2"]
[BlackTitle "WGM"]
[WhiteElo "2123"]
[BlackElo "2398"]
[WhiteFideId "5024552"]
[BlackFideId "4196872"]
[EventDate "2011.08.02"]

1. e4 c5 2. Nf3 Nc6 3. d4 cxd4 4. Nxd4 e5 5. Nb5 d6 6. c4 g6 7. N1c3 a6 8. Na3
Be6 9. Nd5 Bh6 10. g3 Bxc1 11. Rxc1 Nf6 12. Bg2 O-O 13. O-O Nd4 14. Nc2 Nxc2 15.
Nxf6+ Qxf6 16. Rxc2 Qe7 17. b3 b5 18. cxb5 axb5 19. Rd2 Ra6 20. Qe2 Rfa8 21.
Rfd1 b4 22. h3 Qa7 23. Qb5 Qc5 24. Qe2 Qa7 25. Qb5 Qc5 26. Qe2 Qa7 27. Qb5 Qc5
28. Qe2 Qa7 29. Qb5 Qc5 30. Qe2 Qa7 1/2-1/2

[Event "29th World Junior Girls"]
[Site "Chennai IND"]
[Date "2011.08.11"]
[Round "9.8"]
[White "Michelle Catherina, P"]
[Black "Kulkarni, Bhakti"]
[Result "1-0"]
[BlackTitle "CM"]
[WhiteElo "2052"]
[BlackElo "2317"]
[WhiteFideId "5005736"]
[BlackFideId "5019516"]
[EventDate "2011.08.02"]

1. e4 c6 2. d4 d5 3. exd5 cxd5 4. Bd3 Nc6 5. c3 Nf6 6. h3 e6 7. Bf4 Bd6 8. Bxd6
Qxd6 9. Nf3 O-O 10. O-O e5 11. dxe5 Nxe5 12. Nxe5 Qxe5 13. Nd2 b6 14. Nf3 Qc7
15. Nd4 Bb7 16. Re1 Ne4 17. Qf3 Rae8 18. Rad1 f5 19. Bc2 Re5 20. Bb3 Ba6 21. Qf4
g5 22. Bxd5+ Kh8 23. Qh2 Nxc3 24. Qxe5+ Qxe5 25. Rxe5 Nxd1 26. Re7 Bc8 27. Bb3
Nxb2 28. Rxa7 Rd8 29. Nf3 Rd7 30. Ra8 Rd8 31. Nxg5 Re8 32. Ra7 1-0

[Event "29th World Junior Girls"]
[Site "Chennai IND"]
[Date "2011.08.11"]
[Round "9.9"]
[White "Hoang, Thi Nhu Y"]
[Black "Terao, Juliana Sayumi"]
[Result "1-0"]
[WhiteTitle "WIM"]
[BlackTitle "WFM"]
[WhiteElo "2204"]
[BlackElo "2168"]
[WhiteFideId "12401455"]
[BlackFideId "2109220"]
[EventDate "2011.08.02"]

1. d4 Nf6 2. Nf3 e6 3. Bg5 Be7 4. Nc3 d5 5. e3 Nbd7 6. a3 c6 7. Bd3 Qc7 8. O-O
Bd6 9. e4 dxe4 10. Nxe4 Nxe4 11. Bxe4 h6 12. Bd2 c5 13. c3 cxd4 14. cxd4 Nf6 15.
Bc2 O-O 16. Re1 b6 17. Rc1 Qe7 18. Ne5 Nd5 19. Qf3 Qf6 20. Qd3 g6 21. Bxh6 Rd8
22. Qg3 Qh8 23. Bd2 Qg7 24. Qh3 Ne7 25. Rcd1 Bb7 26. Bh6 Qh7 27. g4 Rac8 28. Bb1
Nd5 29. g5 Bf8 30. Ng4 Bxh6 31. Nxh6+ Kf8 32. Be4 Rc4 33. Qg3 Qg7 34. Qe5 f5 35.
Bf3 Qxe5 36. Rxe5 Bc8 37. Bxd5 Rxd5 38. Rxd5 exd5 39. Rd2 Rc1+ 40. Kg2 Ba6 41.
h4 Kg7 42. Kg3 Bc4 43. f3 Re1 44. Rc2 Re3 45. Rc3 Re7 46. Kf4 a5 47. a4 Kh7 48.
b3 Be2 49. Rc6 Rb7 50. h5 gxh5 51. Nxf5 Bd1 52. g6+ Kg8 53. Rc8# 1-0

[Event "29th World Junior Girls"]
[Site "Chennai IND"]
[Date "2011.08.11"]
[Round "9.10"]
[White "Ivana Maria, Furtado"]
[Black "Dogodkina, Julia"]
[Result "0-1"]
[WhiteTitle "WFM"]
[WhiteElo "2012"]
[BlackElo "2193"]
[WhiteFideId "5048400"]
[BlackFideId "24143375"]
[EventDate "2011.08.02"]

1. d4 g6 2. c4 Bg7 3. Nf3 c5 4. d5 f5 5. Nc3 Bxc3+ 6. bxc3 d6 7. Qb3 Nf6 8. g3
Nbd7 9. Bg2 Qa5 10. Nd2 Nb6 11. e4 Bd7 12. O-O fxe4 13. Nxe4 Nxe4 14. Bxe4 Qa6
15. Bd3 Nxd5 16. cxd5 Qxd3 17. Qxb7 Bh3 18. Qc6+ Kf7 19. Re1 Rhc8 20. Qb7 Kg8
21. Qb1 Qxc3 22. Bb2 Qf3 23. Qe4 Qxe4 24. Rxe4 Rab8 25. Bc3 e5 26. dxe6 d5 27.
Re5 d4 28. Ba5 c4 29. e7 Re8 30. Re4 c3 31. Rxd4 c2 32. Re4 Rb1+ 33. Re1 Rxa1
34. Rxa1 Rxe7 35. f3 Rd7 36. Kf2 Rd1 37. Rxd1 cxd1=Q 38. g4 Qd4+ 39. Kg3 Bf1 40.
a3 g5 41. h3 Qg1# 0-1

[Event "29th World Junior Girls"]
[Site "Chennai IND"]
[Date "2011.08.11"]
[Round "9.11"]
[White "Tsatsalashvili, Keti"]
[Black "Frayna, Janelle Mae"]
[Result "1-0"]
[WhiteTitle "WIM"]
[WhiteElo "2318"]
[BlackElo "1875"]
[WhiteFideId "13603434"]
[BlackFideId "5212499"]
[EventDate "2011.08.02"]

1. d4 Nf6 2. c4 g6 3. Nc3 d5 4. cxd5 Nxd5 5. Bd2 Bg7 6. e4 Nb6 7. Be3 O-O 8. Bb5
Qd6 9. Nge2 a6 10. Bd3 Rd8 11. e5 Qd7 12. O-O Nc6 13. Be4 Qe8 14. Qc1 Be6 15.
Rd1 Nd5 16. Bxd5 Bxd5 17. Nf4 e6 18. Nfxd5 exd5 19. Bg5 Ne7 20. b4 Qd7 21. Qf4
Re8 22. Qf3 Rad8 23. h3 h6 24. Bxe7 Rxe7 25. Rac1 Re6 26. Ne2 Rb6 27. a3 f6 28.
e6 Qxe6 29. Rxc7 Qe4 30. Qc3 Rc6 31. Rxc6 bxc6 32. Ng3 Qe6 33. Re1 Qd6 34. Nf1
f5 35. Nd2 Kf7 36. Nf3 Re8 37. Rc1 Re6 38. g3 Qc7 39. Qd3 Qb6 40. Rc5 Re4 41.
Kg2 Bf6 42. Qc3 Re6 43. h4 h5 44. Qd3 Re4 45. Ra5 Kg7 46. Qxa6 Bxd4 47. Qxb6
Bxb6 48. Ra6 Bd4 49. Nxd4 Rxd4 50. Rxc6 Rd3 51. a4 Rb3 52. Rb6 d4 53. a5 d3 54.
Kf3 Rb2 55. a6 Rb1 56. Ke3 Rb3 57. a7 Ra3 58. Rb7+ Kf6 59. b5 Ke6 60. b6 Kd5 61.
Rb8 1-0

[Event "29th World Junior Girls"]
[Site "Chennai IND"]
[Date "2011.08.11"]
[Round "9.12"]
[White "Olsarova, Karolina"]
[Black "Nandhidhaa, PV"]
[Result "1/2-1/2"]
[WhiteTitle "WIM"]
[WhiteElo "2282"]
[BlackElo "2101"]
[WhiteFideId "320242"]
[BlackFideId "5050847"]
[EventDate "2011.08.02"]

1. e4 c5 2. Nf3 e6 3. b3 b6 4. d4 cxd4 5. Nxd4 Bc5 6. Be3 Qf6 7. c3 Ne7 8. Bd3
O-O 9. O-O Bb7 10. Nd2 Nbc6 11. N2f3 h6 12. Re1 d5 13. e5 Nxe5 14. Nxe5 Qxe5 15.
Nxe6 fxe6 16. Bxc5 Qf6 17. Bd4 Qf7 18. Qe2 Bc8 19. Bb5 Nf5 20. Be5 Bd7 21. Bd3
Rac8 22. Rad1 Bc6 23. Qg4 Rcd8 24. Bb1 Bb5 25. h4 Be8 26. c4 Bc6 27. Bd3 d4 28.
Be4 Bxe4 29. Qxe4 Rd7 30. Rd2 Rfd8 31. Red1 Qe7 32. Bxd4 Nxh4 33. Be3 Nf5 34.
Rxd7 Rxd7 35. Rxd7 Qxd7 36. g3 Kf7 37. Bf4 h5 38. Bg5 Qd4 39. Qxd4 Nxd4 40. Kf1
e5 41. Be3 Ke6 42. Kg2 Kf5 43. b4 Ke4 44. Kh3 Nc2 45. c5 Nxe3 46. fxe3 bxc5 47.
bxc5 Kd5 48. Kh4 Kxc5 49. Kxh5 Kd5 50. Kg6 Ke4 51. Kxg7 Kxe3 52. Kf6 e4 53. g4
Kf4 54. g5 e3 55. g6 e2 56. g7 e1=Q 57. g8=Q Qe5+ 58. Kf7 Qd5+ 59. Kf8 Qd8+ 60.
Kg7 Qxg8+ 61. Kxg8 a5 62. Kf7 a4 63. Ke6 Ke4 64. Kf6 a3 65. Kg5 Kd3 66. Kf4 Kc2
67. Ke3 Kc3 68. Ke2 Kb2 69. Kd2 Kxa2 70. Kc2 1/2-1/2

[Event "29th World Junior Girls"]
[Site "Chennai IND"]
[Date "2011.08.11"]
[Round "9.14"]
[White "Pon, NKrithika"]
[Black "Saranya, J"]
[Result "0-1"]
[WhiteTitle "WFM"]
[BlackTitle "WFM"]
[WhiteElo "2075"]
[BlackElo "2121"]
[WhiteFideId "5019354"]
[BlackFideId "5031931"]
[EventDate "2011.08.02"]

1. e4 c5 2. Nf3 d6 3. d4 cxd4 4. Nxd4 Nf6 5. Nc3 a6 6. Bg5 Nc6 7. f4 Qb6 8. Nb3
e6 9. Qd2 Be7 10. O-O-O O-O 11. Bxf6 Bxf6 12. Na4 Qa7 13. Qxd6 Be7 14. Qd2 b5
15. Nc3 Bb7 16. Bd3 Rac8 17. e5 Nb4 18. Kb1 Rfd8 19. Rde1 Nxd3 20. cxd3 b4 21.
Ne4 a5 22. Qe3 Qxe3 23. Rxe3 Rxd3 24. Rxd3 Bxe4 25. Rd1 a4 26. Nc1 f6 27. exf6
Bxf6 28. Ne2 g5 29. Ng3 Bxd3+ 30. Rxd3 gxf4 31. Ne4 Be5 32. Ng5 Rc6 33. Rd7 a3
34. b3 Bb2 35. Rd1 Kg7 36. Nf3 Kf6 37. Nd2 e5 38. Nc4 Bc3 39. Rd7 Kf5 40. Rxh7
Rg6 41. g3 fxg3 42. hxg3 Rxg3 43. Nd6+ Ke6 44. Ne4 Rg2 45. Nxc3 bxc3 46. Rc7
Rb2+ 47. Kc1 Kd5 48. Rxc3 Kd4 49. Rc4+ Kd3 50. Ra4 Rxa2 51. Kb1 Rb2+ 52. Ka1
Rxb3 0-1

[Event "29th World Junior Girls"]
[Site "Chennai IND"]
[Date "2011.08.11"]
[Round "9.15"]
[White "Romero Echeverria, Abigail"]
[Black "Fataliyeva, Ulviyya Hasil qizi"]
[Result "1/2-1/2"]
[WhiteTitle "WFM"]
[BlackTitle "WFM"]
[WhiteElo "2071"]
[BlackElo "2107"]
[WhiteFideId "3603806"]
[BlackFideId "13403052"]
[EventDate "2011.08.02"]

1. e4 e6 2. d4 d5 3. Nc3 dxe4 4. Nxe4 Be7 5. Nf3 Nd7 6. Bd3 Ngf6 7. O-O Nxe4 8.
Bxe4 c5 9. c3 O-O 10. Bc2 Nf6 11. Bg5 cxd4 12. cxd4 Nd5 13. h4 Bxg5 14. hxg5 g6
15. Qd2 Kg7 16. a4 a5 17. Ne5 b6 18. Be4 Bb7 19. Ra3 Ra7 20. Ng4 Ba6 21. Rd1 f5
22. gxf6+ Nxf6 23. Qh6+ Kg8 24. Bf3 Nxg4 25. Bxg4 Bc4 26. d5 exd5 27. Rc3 Qe7
28. Re3 Qg7 29. Be6+ Kh8 30. Qxg7+ Kxg7 31. b3 Ba6 32. Rxd5 Rc7 33. Rd6 Rc1+ 34.
Kh2 Rxf2 35. Rxb6 Bc8 36. Bxc8 Rxc8 37. Rb5 Rcc2 38. Rg3 Rf7 39. Rxa5 Rb7 40.
Rd5 Rb2 41. Rdd3 Rb1 42. Rgf3 h5 43. Rg3 Rb4 44. Rh3 Kh6 45. Rc3 Kg7 46. Rhd3
Rh4+ 47. Kg3 Rg4+ 48. Kf3 Rb4 49. g3 Rb2 50. Re3 Kh6 51. Red3 Kg7 52. Ke3 Kh6
53. a5 Ra2 54. Rc4 Rxc4 55. bxc4 Rxa5 56. Rc3 h4 57. gxh4 Kh5 58. c5 Kxh4 59. c6
Ra8 60. c7 Rc8 61. Rc4+ Kh5 62. Kf3 g5 63. Rc6 g4+ 64. Kf4 Rf8+ 65. Kg3 Rc8 66.
Rc5+ Kg6 67. Kxg4 Kf6 1/2-1/2

[Event "29th World Junior Girls"]
[Site "Chennai IND"]
[Date "2011.08.11"]
[Round "9.16"]
[White "Shweta, Gole"]
[Black "Vo, Thi Kim Phung"]
[Result "0-1"]
[BlackTitle "WIM"]
[WhiteElo "1922"]
[BlackElo "2141"]
[WhiteFideId "5068487"]
[BlackFideId "12401838"]
[EventDate "2011.08.02"]

1. d4 Nf6 2. Nf3 e6 3. e3 b6 4. Bd3 Bb7 5. O-O Be7 6. b3 O-O 7. Bb2 d5 8. Nbd2
Nbd7 9. Ne5 Ne4 10. Nxe4 dxe4 11. Bc4 Nxe5 12. dxe5 Qxd1 13. Rfxd1 Rfd8 14. Kf1
Bc6 15. Be2 Kf8 16. a3 a5 17. Ke1 Ke8 18. c4 Bb7 19. Bc3 Rxd1+ 20. Bxd1 Bc6 21.
Bc2 f5 22. a4 Bc5 23. Ke2 Ke7 24. f3 exf3+ 25. gxf3 Rf8 26. Rg1 g6 27. f4 Kf7
28. Be1 Be7 29. h4 h6 30. Bf2 Rh8 31. Kf1 Bf3 32. Ke1 Rd8 33. Bg3 Bb4+ 34. Kf2
Bg4 35. Rg2 Bc5 36. Kg1 Bxe3+ 37. Bf2 Bxf4 38. Bg3 Bxg3 39. Rxg3 Bd1 40. Bb1 Bh5
41. Bc2 Rd4 42. Rc3 c5 43. Kg2 Rxh4 44. Bd3 Rd4 45. Bf1 Bg4 46. Kg3 g5 47. Bg2
h5 48. Kh2 f4 49. Kg1 Kg6 50. Kf2 Kf5 51. Bh3 Kxe5 52. Bg2 Rd2+ 0-1

[Event "29th World Junior Girls"]
[Site "Chennai IND"]
[Date "2011.08.11"]
[Round "9.18"]
[White "Imeeva, Aisa"]
[Black "Pratyusha, Bodda"]
[Result "0-1"]
[WhiteElo "2094"]
[BlackElo "2064"]
[WhiteFideId "24116157"]
[BlackFideId "5000629"]
[EventDate "2011.08.02"]

1. e4 e5 2. Nf3 Nc6 3. Nc3 Nf6 4. Bb5 Bb4 5. O-O O-O 6. d3 d6 7. Bg5 Qe7 8. Re1
Bxc3 9. bxc3 h6 10. Bc1 Nd8 11. Bc4 Bg4 12. h3 Bh5 13. d4 Re8 14. Ba3 Qd7 15.
Qd3 a5 16. Nd2 Bg6 17. f3 d5 18. Bb5 c6 19. dxe5 Rxe5 20. Qd4 Rg5 21. Bf1 Qxh3
22. f4 Rg3 23. f5 Ng4 24. Nf3 dxe4 25. Rxe4 Bxf5 26. Re8+ Kh7 27. Rxd8 Rxd8 28.
Qxd8 Ne3 29. Ne1 Be4 30. Qd2 Ng4 31. Bd3 Qh2+ 32. Kf1 Bxd3+ 33. cxd3 Re3 34.
Qxe3 Nxe3+ 35. Kf2 Qf4+ 36. Nf3 Ng4+ 37. Kg1 Qe3+ 38. Kh1 Qxd3 0-1

[Event "29th World Junior Girls"]
[Site "Chennai IND"]
[Date "2011.08.11"]
[Round "9.19"]
[White "Hema, Priya N"]
[Black "Martinez, Ayelen"]
[Result "0-1"]
[WhiteElo "1885"]
[BlackElo "2011"]
[WhiteFideId "5059178"]
[BlackFideId "118702"]
[EventDate "2011.08.02"]

1. d4 Nf6 2. c4 c5 3. Nf3 cxd4 4. Nxd4 e5 5. Nb5 d5 6. cxd5 Bc5 7. N5c3 O-O 8.
Qb3 Qe7 9. g3 Ng4 10. e3 Qf6 11. Qc2 Qf3 12. Rg1 Nxh2 13. Nd2 Qh5 14. Bg2 Bf5
15. Be4 Bg6 16. Qd1 Qxd1+ 17. Kxd1 f5 18. Bc2 Ng4 19. Ke1 Na6 20. a3 Nxf2 21.
Kxf2 f4 22. Nde4 fxe3+ 23. Ke1 Bd4 24. d6 Rac8 25. Bb3+ Kh8 26. Be6 Rcd8 27. Ke2
Bxc3 28. Nxc3 Rxd6 29. Bc4 Rf2+ 30. Kxe3 Rdf6 31. Bd5 Nc5 32. b4 Nb3 33. Ra2 Bc2
34. Be4 Nd4 35. Bxc2 R6f3+ 36. Ke4 Rxc3 37. Bb1 Ne2 38. Rd1 Kg8 39. Kxe5 Rc8 40.
Rad2 Re8+ 41. Kd6 Rf6+ 42. Kd7 Kf8 43. Kc7 Nc3 44. Rh1 Nb5+ 45. Kxb7 Rb6# 0-1